[Event "Feffernitz Raika op 16th"]
[Site "Feffernitz"]
[Date "2007.08.26"]
[Round "9"]
[White "Rothmund, Joachim"]
[Black "Juric, Damir"]
[Result "1-0"]
[WhiteElo "1843"]
[BlackElo "1567"]
[PlyCount "107"]
[EventDate "2007.08.19"]
[EventType "swiss"]
[EventRounds "9"]
[EventCountry "AUT"]
[SourceTitle "EXT 2008"]
[Source "ChessBase"]
[SourceDate "2007.11.25"]
[SourceVersion "1"]
[SourceVersionDate "2007.11.25"]
[SourceQuality "1"]

1. e4 e5 2. f4 d6 3. Nf3 Nc6 4. Bc4 Bg4 5. h3 Bxf3 6. Qxf3 exf4 7. Qxf4 Qf6 8. d3 Qxf4 9. Bxf4 Nd4 10. Kd2 g6 11. Rf1 Ne7 12. Bxf7+ Kxf7 13. Be5+ Kg8 14. Bxd4 Bg7 15. Bxg7 Kxg7 16. Nc3 c6 17. Ne2 Rhf8 18. Nd4 Kg8 19. Ne6 Rxf1 20. Rxf1 Re8 21. Ng5 h6 22. Nf7 Nc8 23. Nxh6+ Kg7 24. Ng4 Nb6 25. c3 Na4 26. b3 Nc5 27. Ke3 Nd7 28. a4 Re7 29. b4 a6 30. Nh2 Nb6 31. a5 Nd5+ 32. Kd4 Nc7 33. Nf3 Nb5+ 34. Kc4 Nc7 35. Ng5 d5+ 36. Kb3 Kh6 37. Nf7+ Kh5 38. e5 Ne8 39. d4 Kh4 40. Rf3 Ng7 41. g4 Ne6 42. Kc2 Nc7 43. Kd3 Nb5 44. Nh8 Rg7 45. c4 Nc7 46. cxd5 Nxd5 47. Kc4 g5 48. Rf7 Rxf7 49. Nxf7 Kxh3 50. Nxg5+ Kxg4 51. Nf7 Kf5 52. Nd6+ Ke6 53. Nxb7 Kd7 54. Nc5+ 1-0

[Event "Feffernitz Raika op 16th"]
[Site "Feffernitz"]
[Date "2007.08.25"]
[Round "8"]
[White "Juric, Damir"]
[Black "Sanzani, Pierluigi"]
[Result "1/2-1/2"]
[WhiteElo "1567"]
[BlackElo "1893"]
[PlyCount "108"]
[EventDate "2007.08.19"]
[EventType "swiss"]
[EventRounds "9"]
[EventCountry "AUT"]
[SourceTitle "EXT 2008"]
[Source "ChessBase"]
[SourceDate "2007.11.25"]
[SourceVersion "1"]
[SourceVersionDate "2007.11.25"]
[SourceQuality "1"]

1. e4 c5 2. Nf3 d6 3. d4 cxd4 4. Nxd4 Nf6 5. Nc3 g6 6. Bd3 Bg7 7. 0-0 0-0 8. h3 Nc6 9. Nce2 d5 10. exd5 Nxd4 11. Nxd4 Qxd5 12. Nb3 Bf5 13. Bxf5 Qxf5 14. c3 b6 15. Be3 e5 16. Qe2 Rad8 17. Rad1 Nd5 18. Rd2 Rd7 19. Rfd1 Rfd8 20. Qb5 Nf6 21. Rxd7 Rxd7 22. Rxd7 Qxd7 23. Qxd7 Nxd7 24. f3 f5 25. Kf2 Kf7 26. g3 Ke6 27. f4 e4 28. Bd4 Bxd4+ 29. Nxd4+ Kd5 30. Ke3 Nf6 31. b3 a6 32. Ne2 b5 33. Nd4 h5 34. Nc2 Kc5 35. Nd4 Nd5+ 36. Kd2 Kd6 37. a3 h4 38. c4 bxc4 39. bxc4 Nb6 40. gxh4 Nxc4+ 41. Ke2 Ke7 42. h5 Kf7 43. hxg6+ Kxg6 44. Nc2 Kh5 45. Kf2 a5 46. Nd4 Kg6 47. Nc2 a4 48. Kg3 Kh5 49. Nd4 Kg6 50. Nc2 Nb2 51. Ne3 Nd3 52. Nd5 Nc5 53. h4 Ne6 54. Nc3 Nc5 1/2-1/2